00896 2200289 4500001002100000005001500021007000300036008004100039035002000080040001600100041000800116082000800124084001400132090001900146100002700165245012000192264004700312300003000359336002100389337003000410338002300440504002700463650001200490700008100502850001000583990001300593INLIS00000000000450320260525114734ta260525 0  a0010-0122000135 aSPBUPDbind0 aind a061 a061 ARY m a061 WIR b 1-130 aArya MahekaePengarang1 aMengenali dan Memberantas Korupsi /cArya Maheka; Editor, Eko Soesamto Tjiptadi, Anatomi Muliawan, Eddy O.S Hiariej a.--Jakarta :bKomisi Pemberantasan Korupsi a77 hal. :billus. ;c21cm 2rdacontentaTeks 2rdamediaaTanpa Perantara 2rdacarrieravolume abibliografi, 71-73 hlm 4aKorupsi aEditor, Eko Soesamto Tjiptadi, Anatomi Muliawan, Eddy O.S HiariejePengarang aPUPAD a14114/Br